000
00304nam a22001337a 4500
020
_a
0-7513-6900-4
082
_a
030
_b
DOR/S
100
_a
DORLING KINDERSLEY
245
_a
SPACE
_b
PICTUREPEDIA
260
_a
LONDON
_b
DK BOOKS
_c
1993
300
_a
48
650
_a
ENCYCLOPEDIA
_z
UNITED KINGDOM
942
_c
BK
999
_c
2254
_d
2254